000 00996nam a2200277 i 4500
001 8129
003 KOSZ 005
005 20211105080604.0
008 080725s1956 pl a f 001 0 pol
015 _aPB 1956/3771
040 _aWA N
_cKOSZ 005/RW
_dKOSZ 005/RW
080 _a543:547+016
100 1 _aBartoszewicz, Ryszard.
_eAutor.
245 1 0 _aMetody redukcji związków organicznych /
_cRyszard Bartoszewicz, Wanda Miecznikowska-Stolarczyk, Bohdan Oprządek.
260 _aWarszawa :
_bPaństwowe Wydawnictwo Naukowe,
_c1956.
300 _a271, [1] s. :
_bil. ;
_c21 cm.
380 _aKsiążki.
504 _aBibliogr. przy rozdz. Indeks.
650 4 _aRedukcja (chemia)
650 4 _aZwiązki organiczne
650 4 _aUtlenianie
700 1 _aMiecznikowska-Stolarczyk, Wanda.
700 1 _aOprządek, Bohdan.
856 _uhttp://koha.tu.koszalin.pl/cgi-bin/koha/opac-detail.pl?biblionumber=8129
_yKatalog online BPK
942 _2UKD
_cKS
999 _c8129
_d8129